000 00182 a2200085 4500
041 _aspa
100 _aBurgues, Roser
245 _aEl Senor o y la senorita i se hacen amigos
942 _cBK
999 _c8654
_d8654